000
00349nam a2200145Ia 4500
005
20250424120311.0
008
250424s9999 xx 000 0 und d
022
_a
22769765
245
0
_a
Nigeria spur magazine
260
_a
Lagos
260
_b
Royal Diadem Communications Ltd.
260
_c
2012
300
_a
85 p. : ill. ; 30 cm.
942
_c
SR
999
_c
38527
_d
38527